Skalka

Bibliographic Details
Main Author: Valkovičová, Lucia (Author)
Format: Article
Language:Slovak
PhysicalDescription:Fotogr., obr., tab.
ISSN:0862-5565
Subjects:

MARC

LEADER 00000nab a2200000 ar4500
001 vtls009008334
003 SK-MaSNL
005 20260303065516.0
008 070719c2007 xo |||||||||||000 b|slo
015 |a SNBRB2007/07  |2 snkbucl 
038 |a SNKBUCL 
040 |a SNKBUCL  |b slo  |c SNKBUCL  |e AACR2 
041 0 |a slo 
044 |a xo  |c SK 
080 |a 635.923  |2 1997 
100 1 |a Valkovičová, Lucia  |4 aut  |9 1031807 
245 1 0 |a Skalka  |c Lucia Valkovičová 
300 |b Fotogr., obr., tab. 
650 0 7 |a skalky  |2 snkbucl  |9 2324 
650 0 7 |a skalničky  |2 snkbucl  |9 2325 
773 0 |t Záhradkár  |g Roč. XLIII, č. 7 (2007), s. 82-83  |x 0862-5565 
852 |a SNK  |b KIS3GCP 
999 |c 1751476  |d 1753406